000 00462nam a2200181Ia 4500
003 GCL
008 140319s9999 xx 000 0 eng d
040 _aGCL /
_cGCL
082 0 4 _a759
_bB E
100 1 _aBOE, ALF
245 1 0 _aEDVARD MUNCH /
_cBOE, ALF
260 _a[S.N] :
_bACADEMY EDITIONS ،
_c1993
300 _a128 P P
650 0 4 _aPAINTERS AND PAINTINGS
650 0 4 _aMUNCH, EDVARD (1863 - 1944)
650 0 4 _aNORWEGIAN PAINTER
942 _2ddc
_cBK
999 _c12150
_d12150